| 000 | 02089nam0a2200349 4500 | ||
|---|---|---|---|
| 001 | RU\NLR\BIBL_A\011323510 | ||
| 005 | 20260406082905.0 | ||
| 035 | _a(NLR Aleph) 011323510 | ||
| 090 |
_a11093180 _c11093180 |
||
| 100 | _a20170209d2007 |||y0rusy50 ca | ||
| 101 | 0 | _arus | |
| 102 | _aRU | ||
| 105 | _ac z 100zy | ||
| 135 | _acrcn 024anada | ||
| 200 | 1 | _aМатериалы международной научной конференции "Идейно-теоретическое наследие Г. В. Плеханова и современный мир", Санкт-Петербург, 11-12 декабря 2006 г. | |
| 210 |
_aСанкт-Петербург _cРоссийская национальная библиотека. Дом Плеханова _d2007 |
||
| 215 |
_a68 с. _cпортр. _d21 |
||
| 300 | _aВ надзаг.: Российская национальная библиотека. Дом Плеханова | ||
| 320 | _aБиблиогр. в конце ст. и в тексте | ||
| 325 | 1 | _aКопия доступна в электронной библиотеке РНБ | |
| 600 | 1 |
_aПлеханов _bГ. В. _f1856 - 1918 _gГеоргий Валентинович _9966993 _3RU\NLR\AUTH\66362064 |
|
| 686 | 1 | _aФ61(2)251.2 | |
| 686 | 1 | _aЮ3(2)6-602.1 | |
| 702 | 1 |
_4570 _8rus _7ca _aПлеханов _bГ. В. _f1856-1918 _gГеоргий Валентинович _3RU\NLR\AUTH\7748828 _931763 |
|
| 710 | 1 | 2 |
_a"Идейно-теоретическое наследие Г. В. Плеханова и современный мир", международная научная конференция _eСанкт-Петербург _f2006 _9549140 _3RU\NLR\AUTH\880442594 |
| 942 | _cBOOK | ||
| 980 | _aNB | ||
| 981 | 2 | 2 |
_a(22) Материалы по истории России _b(22) История развития общественной мысли и политических движений |